000
00317nam a2200121Ia 4500
008
231129s2015||||xx |||||||||||||| ||spa||
082
_a
ER- 378
100
_a
LA TARDE
245
0
_a
LA TARDE 40 aƱos; historias contadas y noticias vividas
260
_c
2015
264
_a
Manizales: Pikelar 2015
942
_2
ddc
_c
BKS
999
_c
18270
_d
18270